00821nam a2200205 a 450000100100000000500170001000800410002704000250006804100130009310000290010624501490013525000120028426000380029630000280033453400440036265000510040670000360045795201050049399900170059800003673820200930075915.0120127s1976 sp a 001 0 spa d aDO-SdBNPbspacBNPHU17aspahger1 aSchmitt, Heinrich96304910aTratado de construcción :belementos, estructuras y reglas fundamentales de la construcción /cHeinrich Schmitt ; traductor Adrian Margarit. a5a. ed. aBarcelona :bGustavo Gili,c1976. a560 p. :bil. ;c32 cm. pTítulo original:tHochbaukonstruktion24aConstrucciónxGuías, manuales, etc.9630501 aMargarit, Adrian,etrad.963051 001050718MOaGRbGRcCTd2012-01-27iLF1l0o p36738-10r2020-06-25w2020-06-25y1ZNo se presta c36229d36229